zpět

Detail výsledku týmu

Pizza-Doma ST, Plzeň

Datum a čas kvízu

24.5 Celkem bodů Celkový počet nahraných bodů na tomto kvízu bez doplňovacích otázek.
7. Pořadí na kvízu Konečné umístění týmu na tomto kvízu.

Zaznamenané odpovědi

# Otázka Odpověď Body Výsledky
1. Starosta jedné městské části T... v Brně 0
2. Koncem týdne jsme se dozvěděli... Skype 1
3. Animovaná maminka jisté postav... Prasátko Peppa 1
4. Jak se nazývá nová platforma,... Oneplay 1
5. Jeden známý fotbalista dostal... Lionel Messi 1
6. Které souostroví se v češtině... Kapverdy 1
7. Na okraji obce ve Zlínském kra... Modrá 0
8. Která známá historická osobnos... Adolf Hitler 0
9. Na území kterého státu USA lež... Wyomingu 0
10. Jak se nazývá německé pohoří,... Černý les (Schwarzwald) 0